Organic synthesis (Record no. 240860)

MARC details
000 -LEADER
fixed length control field 02683nam a22002417a 4500
003 - CONTROL NUMBER IDENTIFIER
control field St Aloysius Coll
005 - DATE AND TIME OF LATEST TRANSACTION
control field 20260209175255.0
008 - FIXED-LENGTH DATA ELEMENTS--GENERAL INFORMATION
fixed length control field 260209b |||||||| |||| 00| 0 eng d
020 ## - INTERNATIONAL STANDARD BOOK NUMBER
International Standard Book Number 9780470712368
040 ## - CATALOGING SOURCE
Transcribing agency AL
041 ## - LANGUAGE CODE
Language code of text/sound track or separate title English
082 ## - DEWEY DECIMAL CLASSIFICATION NUMBER
Classification number 547.2
Item number WARO
100 ## - MAIN ENTRY--PERSONAL NAME
Personal name Stuart Warren
9 (RLIN) 254175
245 ## - TITLE STATEMENT
Title Organic synthesis
Remainder of title : The disconnection approach
250 ## - EDITION STATEMENT
Edition statement 2
260 ## - PUBLICATION, DISTRIBUTION, ETC.
Place of publication, distribution, etc. Chichester
Name of publisher, distributor, etc. Wiley
Date of publication, distribution, etc. 2008
300 ## - PHYSICAL DESCRIPTION
Extent viii, 329p.
Other physical details PB
Dimensions 23.5x18.5cm.
365 ## - TRADE PRICE
Source of price type code General
Price type code 5801
Price amount ₹4447.00
Currency code
Unit of pricing ₹5559.00
Price note 20%
Price effective from 03/02/2026
520 ## - SUMMARY, ETC.
Summary, etc. One approach to organic synthesis is retrosynthetic analysis. With this approach a chemist will start with the structure of their target molecule and progressively cut bonds to create simpler molecules. Reversing this process gives a synthetic route to the target molecule from simpler starting materials. This "disconnection" approach to synthesis is now a fundamental part of every organic synthesis course. Organic Synthesis: The Disconnection Approach, 2nd Edition introduces this important technique, to help students to design their own organic syntheses. There are forty chapters: those on the synthesis of given types of molecules alternate with strategy chapters in which the methods just learnt are placed in a wider context. The synthesis chapters cover many ways of making each type of molecule starting with simple aromatic and aliphatic compounds with one functional group and progressing to molecules with many functional groups. The strategy chapters cover questions of selectivity, protection, stereochemistry, and develop more advanced thinking via reagents specifically designed for difficult problems. Examples are drawn from pharmaceuticals, agrochemicals, natural products, pheromones, perfumery and flavouring compounds, dyestuffs, monomers, and intermediates used in more advanced synthetic work. Reasons for wishing to synthesise each compound are given. This second edition has been fully revised and updated with a modern look. Recent examples and techniques are included and illustrated additional material has been added to take the student to the level required by the sequel, "Organic Synthesis: Strategy and Control". Several chapters contain extensive new material based on courses that the authors give to chemists in the pharmaceutical industry. Organic Synthesis: The Disconnection Approach, 2nd edition provides a full course in retrosynthetic analysis for chemistry and biochemistry students and a refresher for organic chemists working in industry and academia.
650 ## - SUBJECT ADDED ENTRY--TOPICAL TERM
Source of heading or term Chemistry
Topical term or geographic name entry element Organic Chemistry
9 (RLIN) 254177
700 ## - ADDED ENTRY--PERSONAL NAME
Personal name Wyatt, Paul
9 (RLIN) 254176
942 ## - ADDED ENTRY ELEMENTS (KOHA)
Source of classification or shelving scheme Dewey Decimal Classification
Koha item type Book
Holdings
Withdrawn status Lost status Source of classification or shelving scheme Damaged status Not for loan Collection code Home library Current library Date acquired Source of acquisition Cost, normal purchase price Total Checkouts Full call number Barcode Date last seen Cost, replacement price Price effective from Koha item type
    Dewey Decimal Classification     General Chemistry St Aloysius PG Library St Aloysius PG Library 02/07/2026 Biblios Book Point 4447.00   547.2 WARO PG025189 02/09/2026 5559.00   Book